| 000 | 00365nam a2200145Ia 4500 | ||
|---|---|---|---|
| 008 | 230917s9999||||xx |||||||||||||| ||und|| | ||
| 040 |
_e29220 _aMAIN |
||
| 041 | _aEnglish | ||
| 082 | _a668.4 C755C | ||
| 100 | _aMargolis, James M Ed | ||
| 245 | 0 | _aConductive polymers and plastics | |
| 260 |
_aNew York _bChapman and Hall _c1989 |
||
| 300 | _a179 p. | ||
| 942 | _cBK | ||
| 999 |
_c92148 _d92148 |
||